000 00522nam a22001457a 4500
005 20151204113740.0
008 151204b xxu||||| |||| 00| 0 eng d
040 _cPK-LaUMT
082 _aMSC 801.950904
_bHAM-M
100 _aحمزہ فاروقی، محمد
245 _aمہر اور انکا عہد
_bمولانا غلام رسول مہر کی سیاسی و صحافتی خدمات
_cمحمد حمزہ فاروقی
260 _aکراچی
_bپاکستان اسٹڈی سینٹر
_c2008
300 _a314 ص
942 _cBK
999 _c79543
_d79543